Canciones de Bad Bunny - ¡Muerte súbita! - Estadísticas

Estadísticas generales
  • Esta prueba ha sido intentada 17.465 veces
    8.067 desde el último reinicio
  • La puntuación promedio es 13 de 20
Answers on the Grid
Answers color-coded by a green-red scale on the quiz's grid according to % correct below.
Moscow Mule
Vete
Soy Peor
Neverita
Callaíta
Efecto
Amorfoda
La Corriente
Yonaguni
A tu Merced
<3
DAKITI
TE MUDASTE
BOOKER T
120
La Romana
Estamos Bien
NUEVAYoL
MONACO
DtMF
DEMaSIADO
Playa Sin Final
Café y Tequila
DONDE SOY
NADA MAS 17
Urbana
Alma fuerte
Olas y Ritmos
Latidos de Reggaetón
Soap
Mr Jeff
JuGaDoR
760
MARSEILLE
Reloj
Ellos
Como Llora
Parao
XMLXXC
Super Spider
 
Estadísticas de respuestas
Respuesta % Correcto
NUEVAYoL
81%
DAKITI
80%
Callaíta
79%
Amorfoda
77%
DtMF
76%
MONACO
76%
Yonaguni
76%
Moscow Mule
75%
Neverita
73%
Soy Peor
73%
A tu Merced
63%
Estamos Bien
63%
La Romana
60%
120
59%
<3
59%
BOOKER T
56%
TE MUDASTE
54%
Vete
54%
Efecto
50%
La Corriente
46%
No se encontraron pruebas coincidentes
Distribución de puntuación
Porcentaje de gente con cada puntuación
Porcentaje por número respondido
Historial de tus puntuaciones
No has intentado esta prueba desde el último reinicio